00000000nam##2200000za#4500
0019.687948
003CaOODSP
00520210929082800
007cr |||||||||||
008150407|2005||||xxc|||||o    f|0| 0 eng|d
020 |a0-662-42195-7
040 |aCaOODSP|beng
043 |an-cn---
0861 |aFo134-1/2005E-PDF
1101 |aCanada. |bNatural Resources Canada. |bCanadian Forest Service.
24510|aCanadian wildland fire strategy : |h[electronic resource]|ba vision for an innovative and integrated approach to managing the risks / |cIssued by the Northern Forestry Centre. A report to the Canadian Council of Forest Ministers, prepared by the Canadian Wildlife Fire Strategy Assistant Deputy Ministers Task Group.
260 |aEdmonton - Alberta : |bNatural Resources Canada. |c2005.
300 |a25p.|bcoloured illus.
5203 |aThis report describes the current state of wildland fire and its management in Canada, a vision for a desired future state, and recommendations on how to initiate the necessary changes over the next 10 years.
590 |a08-03-Supp|b2008-09-09
69007|aForest fires|2gcpds
77508|tStatégie canadienne en matière de feux de forêt : |w(CaOODSP)9.632388
7760#|tCanadian wildland fire strategy : |w(CaOODSP)9.649964
85640|ahttp://publications.gc.ca|qPDF|s2513 KB|uhttps://publications.gc.ca/collections/collection_2008/nrcan/Fo134-1-2005E.pdf